| 000 | 01952cam a22002898a 4500 | ||
|---|---|---|---|
| 001 | 17357357 | ||
| 005 | 20130131135609.0 | ||
| 008 | 120622s2013 enk 000 0 eng | ||
| 020 | _a9780415559324 (pbk.) | ||
| 020 | _a9780415559317 (hardback) | ||
| 020 | _a9780203080054 (ebook) | ||
| 082 | 0 | 0 |
_a303.4820922 _223 _bCOL |
| 100 | 1 |
_aColeman, William D. _q(William Donald), _d1950- _932202 |
|
| 245 | 1 | 0 |
_aFifty Key Thinkers on Globalization / _cWilliam Coleman, Alina Sajed. |
| 260 |
_aMilton Park, Abingdon, Oxon ; _aNew York : _bRoutledge, _c2013. |
||
| 300 |
_a258 p. : _c22 cm. |
||
| 490 | 0 | _aRoutledge key guides | |
| 520 | _a"Fifty Key Thinkers on Globalization is an outstanding guide to often-encountered thinkers whose ideas have shaped, defined and influenced this new and rapidly growing field. The authors clearly and lucidly survey the life, work and impact of 50 of the most important theorists of globalization including: - Manuel Castells - Amartya Sen - Zygmunt Bauman - Jan Aart Scholte Each thinker's contribution to the field is evaluated and assessed, and each entry includes a helpful guide to further reading. Fully cross-referenced throughout, this remarkable reference guide is essential reading for students of politics and international relations, economics, sociology, history, anthropology and literary studies. William Coleman is Professor of Political Science at McMaster University, Canada. He has published widely in the areas of globalization studies and global public policy. Alina Sajed is a Lecturer at McMaster University, Canada"-- | ||
| 650 | 0 |
_aGlobalization. _932203 |
|
| 650 | 0 |
_aGlobalization _xSocial aspects. _927200 |
|
| 650 | 7 |
_aPOLITICAL SCIENCE / General. _2bisacsh _932204 |
|
| 650 | 7 |
_aPOLITICAL SCIENCE / Globalization. _2bisacsh _932205 |
|
| 650 | 7 |
_aSOCIAL SCIENCE / Sociology / General. _2bisacsh _932206 |
|
| 653 |
_bEco _cJanuary2013 |
||
| 700 | 1 |
_aSajed, Alina. _932207 |
|
| 942 |
_2ddc _cBB |
||
| 999 |
_c17186 _d17158 |
||